[Event "Speed Chess Super Swiss"]
[Site "Chess.com INT"]
[Date "2020.10.03"]
[Round "5"]
[White "Castillo Pena, Patricia Evarista"]
[Black "Konovalova, Vera"]
[Result "0-1"]
[WhiteElo "1770"]
[BlackElo "2101"]
[PlyCount "74"]
[EventDate "2020.10.03"]
[EventType "swiss (blitz)"]
[EventRounds "15"]
[EventCountry "USA"]
[SourceTitle "CBM 198 Extra"]
[Source "ChessBase"]
[SourceDate "2020.11.30"]
[SourceVersion "1"]
[SourceVersionDate "2020.11.30"]
[SourceQuality "1"]

1. d4 Nf6 2. Nf3 e6 3. e3 c5 4. Bd3 Nc6 5. b3 b6 6. Bb2 Bb7 7. 0-0 Be7 8. Nbd2 0-0 9. a3 cxd4 10. exd4 d5 11. Qe2 Bd6 12. Ne5 Ne7 13. Rfe1 Ng6 14. g3 Rc8 15. Rac1 Bxe5 16. dxe5 Nd7 17. Nf3 Qc7 18. h4 Nc5 19. h5 Nxd3 20. cxd3 Qe7 21. hxg6 fxg6 22. d4 Qf7 23. Ng5 Qf5 24. f4 h6 25. Nf3 g5 26. Rxc8 Bxc8 27. Kg2 gxf4 28. Nh4 Qg5 29. Qf3 fxg3 30. Qxg3 Qd2+ 31. Kh1 Qxb2 32. Rg1 g5 33. Ng6 Rf7 34. Rg2 Qxd4 35. Qh3 Kg7 36. Nh4 Rf1+ 37. Kh2 Qf4+ 0-1

[Event "Speed Chess Super Swiss"]
[Site "Chess.com INT"]
[Date "2020.10.03"]
[Round "7"]
[White "Proudian, Armen"]
[Black "Konovalova, Vera"]
[Result "1-0"]
[WhiteElo "2427"]
[BlackElo "2101"]
[PlyCount "69"]
[EventDate "2020.10.03"]
[EventType "swiss (blitz)"]
[EventRounds "15"]
[EventCountry "USA"]
[SourceTitle "CBM 198 Extra"]
[Source "ChessBase"]
[SourceDate "2020.11.30"]
[SourceVersion "1"]
[SourceVersionDate "2020.11.30"]
[SourceQuality "1"]

1. e4 c6 2. d4 d5 3. Nc3 dxe4 4. Nxe4 Bf5 5. Ng3 Bg6 6. Bc4 e6 7. N1e2 Bd6 8. h4 h6 9. Nf4 Bh7 10. Ngh5 Bxf4 11. Bxf4 g6 12. Ng3 Ne7 13. Bxh6 Nd5 14. Bg5 f6 15. Bd2 Bg8 16. Qg4 Bf7 17. 0-0-0 Nd7 18. Ne4 Qc7 19. Bxd5 cxd5 20. Bf4 e5 21. dxe5 fxe5 22. Ng5 exf4 23. Rhe1+ Kf8 24. Ne6+ Bxe6 25. Rxe6 Re8 26. Rxe8+ Kxe8 27. Qxg6+ Kd8 28. Rxd5 Kc8 29. h5 Kb8 30. Qg7 Rc8 31. c3 Qc6 32. Qxd7 a6 33. Qd6+ Qxd6 34. Rxd6 Rc5 35. h6 1-0

[Event "Speed Chess Super Swiss"]
[Site "Chess.com INT"]
[Date "2020.10.03"]
[Round "13"]
[White "Yordanov, Nikolay Plamenov"]
[Black "Konovalova, Vera"]
[Result "1/2-1/2"]
[WhiteElo "2242"]
[BlackElo "2101"]
[PlyCount "143"]
[EventDate "2020.10.03"]
[EventType "swiss (blitz)"]
[EventRounds "15"]
[EventCountry "USA"]
[SourceTitle "CBM 198 Extra"]
[Source "ChessBase"]
[SourceDate "2020.11.30"]
[SourceVersion "1"]
[SourceVersionDate "2020.11.30"]
[SourceQuality "1"]

1. e4 c6 2. d4 d5 3. f3 dxe4 4. fxe4 e5 5. Nf3 exd4 6. Bc4 Bb4+ 7. c3 dxc3 8. 0-0 Bc5+ 9. Kh1 Qxd1 10. Rxd1 c2 11. Rf1 cxb1Q 12. Rxb1 Be7 13. Ne5 Nf6 14. Nxf7 Rf8 15. Ng5 h6 16. e5 Nd5 17. Rxf8+ Kxf8 18. Nf3 Bg4 19. Bd2 Nd7 20. Rf1 Ke8 21. e6 N7b6 22. Bxd5 Nxd5 23. Nd4 Bf6 24. Nf5 Bxf5 25. Rxf5 Ke7 26. b3 Kxe6 27. Rf1 Re8 28. g3 Kd6 29. Bc1 Re2 30. Ba3+ Kd7 31. Bc5 b6 32. Bf8 Rxa2 33. Bxg7 Bxg7 34. Rf7+ Ke6 35. Rxg7 Ne3 36. h4 Kf6 37. Rh7 Kg6 38. Re7 Nf5 39. Re6+ Kh5 40. Rxc6 Nxg3+ 41. Kg1 Ne2+ 42. Kf1 Nd4 43. Rc3 Rb2 44. Rd3 Nxb3 45. Rd5+ Kxh4 46. Rd6 h5 47. Rc6 Nd2+ 48. Kg1 Ne4 49. Rc4 Re2 50. Kf1 Re3 51. Ra4 Kg4 52. Rxa7 b5 53. Rg7+ Kf3 54. Rf7+ Kg4 55. Rh7 Ng5 56. Rb7 h4 57. Rxb5 Rf3+ 58. Ke1 Rf4 59. Rb3 h3 60. Rb2 h2 61. Rg2+ Kh3 62. Rxg5 Rg4 63. Kd2 Rxg5 64. Kd3 Rg2 65. Kd4 h1Q 66. Ke5 Qf1 67. Ke6 Re2+ 68. Kd6 Qd1+ 69. Kc5 Rc2+ 70. Kb4 Qc1 71. Kb3 Qb1+ 72. Ka3 1/2-1/2

[Event "Titled Tuesday intern op 6th June"]
[Site "Chess.com INT"]
[Date "2020.06.02"]
[Round "2"]
[White "Grochal, Joey"]
[Black "Konovalova, Vera"]
[Result "1-0"]
[WhiteElo "2335"]
[BlackElo "2101"]
[PlyCount "137"]
[EventDate "2020.06.02"]
[EventType "swiss (blitz)"]
[EventRounds "10"]
[EventCountry "USA"]
[SourceTitle "CBM 196 Extra"]
[Source "ChessBase"]
[SourceDate "2020.07.31"]
[SourceVersion "1"]
[SourceVersionDate "2020.07.31"]
[SourceQuality "1"]

1. d4 Nf6 2. c4 e6 3. Nf3 Bb4+ 4. Bd2 Qe7 5. g3 0-0 6. Bg2 c6 7. 0-0 Bxd2 8. Nbxd2 d5 9. Qc2 Nbd7 10. e4 dxe4 11. Ng5 h6 12. Ngxe4 Nxe4 13. Nxe4 Nf6 14. Nc3 Rd8 15. Rad1 Bd7 16. Rfe1 Qf8 17. a3 c5 18. Bxb7 Rab8 19. Bg2 cxd4 20. Rxd4 Be8 21. Rxd8 Rxd8 22. b4 Qd6 23. Rd1 Qc7 24. c5 Rxd1+ 25. Qxd1 Bc6 26. Qd6 Qxd6 27. cxd6 Bd7 28. b5 Ne8 29. Bc6 Bxc6 30. bxc6 Nxd6 31. a4 Nc8 32. f4 Kf8 33. Kf2 Ke7 34. Nb5 a6 35. Nc7 Na7 36. Nxa6 Nxc6 37. Ke3 Kd6 38. Kd3 Na5 39. Kc3 Kc6 40. Kb4 Kb6 41. Nb8 Nb7 42. Nd7+ Kc7 43. Ne5 f6 44. Nc4 Kc6 45. a5 Nc5 46. Nb2 Na6+ 47. Kc4 e5 48. Nd3 e4 49. Nc1 e3 50. Nb3 e2 51. Nd4+ Kd6 52. Nxe2 f5 53. Nd4 g6 54. Nc2 g5 55. Nb4 Nc7 56. Kd4 Nb5+ 57. Kc4 Nc7 58. a6 Na8 59. Nd3 g4 60. Ne5 h5 61. Nf7+ Kc6 62. Nh6 Nc7 63. Nxf5 Nxa6 64. Ng7 Nc7 65. Nxh5 Ne6 66. Nf6 Ng7 67. Nxg4 Nf5 68. Kd3 Kd5 69. Ne3+ 1-0

[Event "Titled Tuesday intern op 6th June"]
[Site "Chess.com INT"]
[Date "2020.06.02"]
[Round "4"]
[White "Rodchenkov, Vitaly"]
[Black "Konovalova, Vera"]
[Result "1-0"]
[WhiteElo "2321"]
[BlackElo "2101"]
[PlyCount "65"]
[EventDate "2020.06.02"]
[EventType "swiss (blitz)"]
[EventRounds "10"]
[EventCountry "USA"]
[SourceTitle "CBM 196 Extra"]
[Source "ChessBase"]
[SourceDate "2020.07.31"]
[SourceVersion "1"]
[SourceVersionDate "2020.07.31"]
[SourceQuality "1"]

1. d4 f5 2. Nf3 Nf6 3. g3 e6 4. Bg2 Be7 5. 0-0 0-0 6. c4 d5 7. Nbd2 c6 8. Ne5 Ne4 9. Ndf3 Nd7 10. Qc2 Nxe5 11. Nxe5 Bf6 12. Bf4 Bd7 13. Rad1 g5 14. Bc1 Bxe5 15. dxe5 Qe7 16. f3 Nc5 17. Rfe1 f4 18. e4 Rac8 19. b3 Be8 20. exd5 cxd5 21. cxd5 exd5 22. Rxd5 Bf7 23. Rdd1 Bg6 24. Qe2 Rfd8 25. gxf4 Nd3 26. Rf1 gxf4 27. Bh3 Rc6 28. Bg4 Qc5+ 29. Kh1 Nxc1 30. Rxd8+ Kg7 31. Qg2 Qe7 32. Rd6 Rxd6 33. exd6 1-0

[Event "Titled Tuesday intern op 26th May"]
[Site "Chess.com INT"]
[Date "2020.05.26"]
[Round "2"]
[White "Mickiewicz, Piotr"]
[Black "Konovalova, Vera"]
[Result "1-0"]
[WhiteElo "2186"]
[BlackElo "2101"]
[PlyCount "89"]
[EventDate "2020.05.26"]
[EventType "swiss (blitz)"]
[EventRounds "10"]
[EventCountry "USA"]
[SourceTitle "CBM 196 Extra"]
[Source "ChessBase"]
[SourceDate "2020.07.31"]
[SourceVersion "1"]
[SourceVersionDate "2020.07.31"]
[SourceQuality "1"]

1. Nf3 Nf6 2. g3 e6 3. Bg2 d5 4. 0-0 Bd6 5. b3 b6 6. c4 Bb7 7. Bb2 Nbd7 8. d3 0-0 9. Qc2 c5 10. e3 Rc8 11. a3 Qc7 12. Nbd2 Ne5 13. Nxe5 Bxe5 14. b4 Bxb2 15. Qxb2 dxc4 16. Nxc4 Bxg2 17. Kxg2 Rfd8 18. Rfd1 Rd5 19. Rac1 Qb7 20. e4 Rd4 21. Qxd4 cxd4 22. Nd6 Rxc1 23. Rxc1 Qd7 24. Rc8+ Qxc8 25. Nxc8 Nd7 26. Nxa7 Kf8 27. f4 f6 28. Nc6 e5 29. fxe5 fxe5 30. a4 Kf7 31. a5 bxa5 32. bxa5 Ke6 33. a6 Kd6 34. a7 Nb6 35. Na5 Na8 36. Nc4+ Ke6 37. h4 g6 38. g4 h6 39. g5 h5 40. Kf2 Nc7 41. Ke2 Na8 42. Kd1 Nc7 43. Kc2 Na8 44. Kb3 Nc7 45. Ka4 1-0

[Event "Titled Tuesday intern op 19th May"]
[Site "Chess.com INT"]
[Date "2020.05.19"]
[Round "2"]
[White "Konovalova, Vera"]
[Black "Dionisi, Thomas"]
[Result "0-1"]
[WhiteElo "2101"]
[BlackElo "2417"]
[PlyCount "90"]
[EventDate "2020.05.19"]
[EventType "swiss (blitz)"]
[EventRounds "10"]
[EventCountry "USA"]
[SourceTitle "EXT 2021"]
[Source "ChessBase"]
[SourceDate "2020.10.23"]
[SourceVersion "1"]
[SourceVersionDate "2020.10.23"]
[SourceQuality "1"]

1. d4 f5 2. c4 Nf6 3. Nc3 g6 4. Bg5 Bg7 5. Bxf6 Bxf6 6. e3 0-0 7. Nf3 d6 8. Bd3 e5 9. dxe5 dxe5 10. Be2 e4 11. Nd4 c6 12. Rb1 a5 13. 0-0 Qe7 14. Qb3 Na6 15. c5+ Kg7 16. Bxa6 Rxa6 17. Qc4 Ra8 18. Rfd1 Be5 19. g3 h5 20. Nce2 Bd7 21. Nf4 Rae8 22. b4 axb4 23. Rxb4 Bc8 24. Ra4 h4 25. Ra8 Rh8 26. Ra7 Qf6 27. Qa4 Re7 28. Nxc6 bxc6 29. Rxe7+ Qxe7 30. Qxc6 Qf6 31. Qd5 hxg3 32. hxg3 g5 33. Nd3 exd3 34. Qxd3 Be6 35. Kf1 f4 36. Ke2 f3+ 37. Kd2 Rd8 38. Kc2 Rxd3 39. Kxd3 Bf5+ 40. Kc4 Qe6+ 41. Kb5 Qxa2 42. Rd8 Qb3+ 43. Kc6 Be4+ 44. Kd7 Qd5+ 45. Kc8 Qc6# 0-1

[Event "Titled Tuesday intern op 19th May"]
[Site "Chess.com INT"]
[Date "2020.05.19"]
[Round "1"]
[White "Konovalova, Vera"]
[Black "Guimaraes, Diogo Duarte"]
[Result "1/2-1/2"]
[WhiteElo "2101"]
[BlackElo "2242"]
[PlyCount "112"]
[EventDate "2020.05.19"]
[EventType "swiss (blitz)"]
[EventRounds "10"]
[EventCountry "USA"]
[SourceTitle "EXT 2021"]
[Source "ChessBase"]
[SourceDate "2020.10.23"]
[SourceVersion "1"]
[SourceVersionDate "2020.10.23"]
[SourceQuality "1"]

1. d4 Nf6 2. Bg5 c5 3. e3 Qb6 4. b3 e6 5. Bxf6 gxf6 6. Nf3 Nc6 7. Be2 Rg8 8. 0-0 f5 9. c4 cxd4 10. exd4 Bg7 11. c5 Qc7 12. Nc3 d5 13. Nb5 Qf4 14. g3 Qh6 15. Nc7+ Kd8 16. Nxa8 f4 17. Qd2 fxg3 18. Qxh6 gxf2+ 19. Kxf2 Bxh6 20. Rg1 Rg6 21. Rxg6 hxg6 22. Rg1 Bd7 23. Rd1 Kc8 24. Ne5 Nxe5 25. dxe5 Bf4 26. h4 Bxe5 27. h5 gxh5 28. Bxh5 f5 29. Bf7 Kb8 30. Rh1 Kxa8 31. Rh7 a5 32. Bh5 Bd4+ 33. Ke1 Bc6 34. Re7 e5 35. Be8 e4 36. Bxc6 bxc6 37. Rf7 Bxc5 38. Rxf5 Kb7 39. Ke2 Kb6 40. a4 Bg1 41. Rf1 Bc5 42. Rc1 d4 43. Rc4 d3+ 44. Kd2 Bb4+ 45. Ke3 d2 46. Ke2 e3 47. Re4 Bc5 48. Re5 Bd4 49. Re4 Kc5 50. Kd1 Kd5 51. Re8 Be5 52. Rd8+ Kc5 53. Re8 Bd4 54. Rd8 Be5 55. Re8 Bd4 56. Rd8 Be5 1/2-1/2

[Event "Titled Tuesday intern op 19th May"]
[Site "Chess.com INT"]
[Date "2020.05.19"]
[Round "5"]
[White "Konovalova, Vera"]
[Black "Torres Cueto, Jesus Marcial"]
[Result "0-1"]
[WhiteElo "2101"]
[BlackElo "2086"]
[PlyCount "34"]
[EventDate "2020.05.19"]
[EventType "swiss (blitz)"]
[EventRounds "10"]
[EventCountry "USA"]
[SourceTitle "EXT 2021"]
[Source "ChessBase"]
[SourceDate "2020.10.23"]
[SourceVersion "1"]
[SourceVersionDate "2020.10.23"]
[SourceQuality "1"]

1. d4 e6 2. Nf3 d5 3. e3 c5 4. b3 Nc6 5. Bd3 cxd4 6. exd4 Nf6 7. Bb2 Bd6 8. Nbd2 0-0 9. 0-0 a6 10. a3 b5 11. Ne5 Qc7 12. Ndf3 Nd7 13. Nxd7 Bxd7 14. Bxh7+ Kxh7 15. Ng5+ Kg6 16. Qg4 f5 17. Qh4 Rh8 0-1

[Event "Titled Tuesday intern op 19th May"]
[Site "Chess.com INT"]
[Date "2020.05.19"]
[Round "3"]
[White "Rodchenkov, Vitaly"]
[Black "Konovalova, Vera"]
[Result "1-0"]
[WhiteElo "2321"]
[BlackElo "2101"]
[PlyCount "75"]
[EventDate "2020.05.19"]
[EventType "swiss (blitz)"]
[EventRounds "10"]
[EventCountry "USA"]
[SourceTitle "EXT 2021"]
[Source "ChessBase"]
[SourceDate "2020.10.23"]
[SourceVersion "1"]
[SourceVersionDate "2020.10.23"]
[SourceQuality "1"]

1. d4 Nf6 2. c4 e6 3. g3 Bb4+ 4. Bd2 Qe7 5. Bg2 0-0 6. Nf3 c6 7. 0-0 b6 8. Nc3 Bb7 9. Qc2 d5 10. Rfe1 Bxc3 11. Bxc3 dxc4 12. e4 Nbd7 13. e5 Nd5 14. Bd2 h6 15. Qxc4 Rac8 16. Qe2 c5 17. Rad1 c4 18. Bc3 b5 19. Ba5 b4 20. Nd2 c3 21. Ne4 cxb2 22. Qxb2 Nc3 23. Nxc3 Bxg2 24. Bxb4 Qg5 25. Kxg2 Rfe8 26. Ne4 Qg6 27. Nd6 Rc2 28. Qb3 Rb8 29. Qa4 Nf8 30. Rc1 Rb2 31. a3 Kh7 32. Qxa7 R8xb4 33. axb4 Rxb4 34. Qxf7 Qxf7 35. Nxf7 Rxd4 36. Rcd1 Rc4 37. Rd8 Kg6 38. Rxf8 1-0

[Event "Titled Tuesday intern op 12th May"]
[Site "Chess.com INT"]
[Date "2020.05.12"]
[Round "4"]
[White "Bruedigam, Martin"]
[Black "Konovalova, Vera"]
[Result "1-0"]
[WhiteElo "2386"]
[BlackElo "2101"]
[PlyCount "105"]
[EventDate "2020.05.12"]
[EventType "swiss (blitz)"]
[EventRounds "10"]
[EventCountry "USA"]
[SourceTitle "EXT 2021"]
[Source "ChessBase"]
[SourceDate "2020.10.23"]
[SourceVersion "1"]
[SourceVersionDate "2020.10.23"]
[SourceQuality "1"]

1. e4 c6 2. d4 d5 3. exd5 cxd5 4. Bd3 Nf6 5. c3 Nc6 6. Bf4 Bg4 7. Nf3 e6 8. Nbd2 Bd6 9. Bxd6 Qxd6 10. 0-0 0-0 11. Qe1 Bf5 12. Qe3 Bxd3 13. Qxd3 e5 14. dxe5 Nxe5 15. Nxe5 Qxe5 16. Rfe1 Qh5 17. Nf1 Rad8 18. h3 Ne4 19. Rad1 h6 20. Ne3 Nf6 21. Qb5 b6 22. Rd4 Rfe8 23. Qe2 Qg6 24. Red1 Nh5 25. Qf3 Nf6 26. c4 Re4 27. Rxe4 Qxe4 28. Qxe4 Nxe4 29. Nxd5 Kf8 30. g3 Nf6 31. Kg2 Nxd5 32. Rxd5 Rc8 33. b3 Rc7 34. Kf3 Ke7 35. Ke4 Ke6 36. f4 g6 37. g4 Rb7 38. h4 Rc7 39. h5 f5+ 40. gxf5+ gxf5+ 41. Rxf5 Rg7 42. Re5+ Kd6 43. Rd5+ Ke6 44. f5+ Ke7 45. Ke5 Rg1 46. f6+ Kf7 47. Rd7+ Ke8 48. Rxa7 Re1+ 49. Kf5 Rg1 50. b4 Rg5+ 51. Ke6 Kd8 52. Ra8+ Kc7 53. f7 1-0

[Event "Titled Tuesday intern op 12th May"]
[Site "Chess.com INT"]
[Date "2020.05.12"]
[Round "10"]
[White "Konovalova, Vera"]
[Black "Zaksaite, Salomeja"]
[Result "1/2-1/2"]
[WhiteElo "2101"]
[BlackElo "2202"]
[PlyCount "34"]
[EventDate "2020.05.12"]
[EventType "swiss (blitz)"]
[EventRounds "10"]
[EventCountry "USA"]
[SourceTitle "EXT 2021"]
[Source "ChessBase"]
[SourceDate "2020.10.23"]
[SourceVersion "1"]
[SourceVersionDate "2020.10.23"]
[SourceQuality "1"]

1. d4 Nf6 2. Nf3 g6 3. e3 Bg7 4. Bd3 d5 5. b3 0-0 6. Bb2 c5 7. Nbd2 cxd4 8. exd4 Nc6 9. 0-0 Bf5 10. Bxf5 gxf5 11. c4 e6 12. Ne5 Nxe5 13. dxe5 Ne4 14. cxd5 Qxd5 15. Nxe4 Qxe4 16. Re1 Qh4 17. Qf3 b6 1/2-1/2

[Event "Titled Tuesday intern op 12th May"]
[Site "Chess.com INT"]
[Date "2020.05.12"]
[Round "7"]
[White "Souza dos Santos, Matheus Garcett"]
[Black "Konovalova, Vera"]
[Result "0-1"]
[WhiteElo "1959"]
[BlackElo "2101"]
[PlyCount "66"]
[EventDate "2020.05.12"]
[EventType "swiss (blitz)"]
[EventRounds "10"]
[EventCountry "USA"]
[SourceTitle "EXT 2021"]
[Source "ChessBase"]
[SourceDate "2020.10.23"]
[SourceVersion "1"]
[SourceVersionDate "2020.10.23"]
[SourceQuality "1"]

1. e4 c6 2. c4 d5 3. cxd5 cxd5 4. exd5 Nf6 5. Nc3 Nbd7 6. Nf3 Nb6 7. d4 Nfxd5 8. Bd3 e6 9. 0-0 Be7 10. a3 0-0 11. Re1 Bd7 12. Ne5 Rc8 13. Qh5 f5 14. Nxd7 Qxd7 15. Bd2 Bf6 16. Nxd5 Nxd5 17. Be3 g6 18. Qe2 Rfe8 19. Rac1 Nxe3 20. fxe3 e5 21. Bb5 Qd6 22. Bxe8 Rxe8 23. Qc4+ Kh8 24. d5 e4 25. Red1 Be5 26. h3 Re7 27. Qc5 Qf6 28. d6 Rd7 29. Qc8+ Rd8 30. d7 Kg7 31. Qxb7 Qh4 32. Rc8 Qg3 33. Rd2 Qe1# 0-1

[Event "Titled Tuesday intern op 5th May"]
[Site "Chess.com INT"]
[Date "2020.05.05"]
[Round "5"]
[White "Gevorgyan, David"]
[Black "Konovalova, Vera"]
[Result "1-0"]
[WhiteElo "2316"]
[BlackElo "2101"]
[PlyCount "53"]
[EventDate "2020.05.05"]
[EventType "swiss (blitz)"]
[EventRounds "10"]
[EventCountry "USA"]
[SourceTitle "EXT 2021"]
[Source "ChessBase"]
[SourceDate "2020.10.23"]
[SourceVersion "1"]
[SourceVersionDate "2020.10.23"]
[SourceQuality "1"]

1. Nf3 f5 2. g3 Nf6 3. Bg2 e6 4. 0-0 Be7 5. d3 0-0 6. Nbd2 c6 7. e4 d5 8. e5 Ng4 9. h3 Nh6 10. Re1 Nd7 11. Nf1 Nf7 12. h4 Qc7 13. d4 c5 14. c3 b6 15. Bf4 Ba6 16. Qd2 Rac8 17. Ne3 cxd4 18. Nxd4 Nd8 19. Nxd5 exd5 20. e6 Ne5 21. Rxe5 Bd6 22. Rxf5 Rxf5 23. Bxd6 Qxd6 24. Nxf5 Qc5 25. Qxd5 Bc4 26. Qxc5 bxc5 27. Ne7+ 1-0

[Event "Titled Tuesday intern op 5th May"]
[Site "Chess.com INT"]
[Date "2020.05.05"]
[Round "1"]
[White "Konovalova, Vera"]
[Black "Travadon, Loic"]
[Result "0-1"]
[WhiteElo "2101"]
[BlackElo "2431"]
[PlyCount "70"]
[EventDate "2020.05.05"]
[EventType "swiss (blitz)"]
[EventRounds "10"]
[EventCountry "USA"]
[SourceTitle "EXT 2021"]
[Source "ChessBase"]
[SourceDate "2020.10.23"]
[SourceVersion "1"]
[SourceVersionDate "2020.10.23"]
[SourceQuality "1"]

1. d4 Nf6 2. Bg5 g6 3. Nf3 Bg7 4. e3 0-0 5. Bd3 d6 6. Nbd2 Nbd7 7. 0-0 b6 8. c4 Bb7 9. Re1 h6 10. Bh4 Qe8 11. Qc2 e5 12. dxe5 Nxe5 13. Nxe5 Qxe5 14. Bg3 Qe7 15. Rab1 Rfe8 16. b4 a5 17. c5 dxc5 18. bxc5 Rac8 19. cxb6 cxb6 20. Qb3 Bd5 21. Bc4 Bxc4 22. Nxc4 Ne4 23. Nxb6 Rc3 24. Qa4 Rc5 25. Rbc1 Nc3 26. Qa3 Rc6 27. Qxe7 Rxe7 28. Nd5 Rb7 29. Kh1 Kh7 30. Nxc3 Bxc3 31. Red1 Rb2 32. h3 Rxa2 33. Rd3 Ra3 34. f3 Rb3 35. Be1 Bxe1 0-1

[Event "Rudenko Memorial (Women)"]
[Site "Poltava"]
[Date "2010.08.06"]
[Round "8"]
[White "Konovalova, Vera"]
[Black "Zingaylo, Anastasiya"]
[Result "0-1"]
[WhiteElo "2083"]
[BlackElo "2051"]
[PlyCount "152"]
[EventDate "2010.08.03"]
[EventType "tourn"]
[EventRounds "11"]
[EventCountry "UKR"]
[SourceTitle "CBM 137 Extra"]
[Source "ChessBase"]
[SourceDate "2010.09.01"]
[SourceVersion "1"]
[SourceVersionDate "2010.09.01"]
[SourceQuality "1"]

1. d4 Nf6 2. e3 e6 3. Bd3 c5 4. Nf3 Nc6 5. b3 Be7 6. Bb2 0-0 7. a3 b6 8. Nbd2 Bb7 9. 0-0 h6 10. Re1 d6 11. Rc1 a6 12. c4 cxd4 13. exd4 d5 14. Ne5 dxc4 15. Nxc6 Bxc6 16. Nxc4 Rc8 17. Ne5 Bb7 18. Rxc8 Qxc8 19. Qe2 Qa8 20. f3 b5 21. Bb1 Bd5 22. Qd3 Rd8 23. Rc1 Bd6 24. Qc2 Qb8 25. Kh1 a5 26. h3 Qb7 27. Qd3 Kf8 28. Bc2 Qb6 29. Qe2 Nh5 30. Qe1 Be7 31. Bd1 b4 32. Rc8 Ke8 33. Rxd8+ Qxd8 34. a4 Qc7 35. Kg1 Nf4 36. Qf1 Qb6 37. g3 Nh5 38. Kh2 Nf6 39. Qd3 Bd6 40. Nc4 Qc7 41. Nxd6+ Qxd6 42. Qb5+ Qc6 43. Qb8+ Ke7 44. Qa7+ Kf8 45. Qxa5 Bxf3 46. Qxb4+ Kg8 47. Qd2 Bh1 48. a5 h5 49. a6 h4 50. Qc2 hxg3+ 51. Kg1 Qxa6 52. Be2 Qb7 53. Bd1 Ne4 54. d5 Qxd5 55. Be2 Ng5 56. Bf1 Be4 57. Qc3 e5 58. Qxg3 Nf3+ 59. Kh1 Qd1 60. Qf2 Qxb3 61. Bg2 Qd1+ 62. Bf1 Bd3 63. Kg2 Bxf1+ 64. Qxf1 Qxf1+ 65. Kxf1 f6 66. Kf2 Ng5 67. h4 Ne6 68. Kf3 Kf7 69. Kg4 g6 70. Ba3 f5+ 71. Kf3 Kf6 72. Bc1 Nd4+ 73. Ke3 Ke6 74. Bb2 Kd5 75. Bc3 f4+ 76. Kf2 e4 0-1

[Event "Rudenko Memorial (Women)"]
[Site "Poltava"]
[Date "2010.08.04"]
[Round "4"]
[White "Konovalova, Vera"]
[Black "Kalinina, Marianna"]
[Result "1/2-1/2"]
[WhiteElo "2083"]
[BlackElo "1994"]
[PlyCount "179"]
[EventDate "2010.08.03"]
[EventType "tourn"]
[EventRounds "11"]
[EventCountry "UKR"]
[SourceTitle "CBM 137 Extra"]
[Source "ChessBase"]
[SourceDate "2010.09.01"]
[SourceVersion "1"]
[SourceVersionDate "2010.09.01"]
[SourceQuality "1"]

1. d4 Nf6 2. e3 c5 3. Nf3 e6 4. Bd3 b6 5. b3 Bb7 6. Bb2 Nc6 7. a3 Be7 8. Nbd2 cxd4 9. exd4 Nd5 10. Be4 Nf4 11. Ne5 d5 12. Bf3 Bf6 13. 0-0 Rc8 14. Rc1 Ng6 15. Re1 Qd6 16. Qe2 Nf4 17. Qb5 0-0 18. g3 Ng6 19. Qe2 Nge7 20. Bg4 Bxe5 21. dxe5 Qc7 22. Nf3 Rcd8 23. c4 Ba6 24. Nd2 Na5 25. Bc3 Nec6 26. Bb4 Rfe8 27. Bd6 Qd7 28. Qe3 dxc4 29. Nxc4 Nxc4 30. bxc4 Na5 31. Be2 Bb7 32. Red1 Qc6 33. f3 Ba6 34. Qc3 Nb7 35. Bb4 Nc5 36. Qe3 Nb7 37. Qc3 Rc8 38. Bf1 Rc7 39. Rd2 Rec8 40. Rd4 Nc5 41. Rd6 Qa4 42. Qd4 Qe8 43. Bxc5 Rxc5 44. Rd7 R5c7 45. Rxc7 Rxc7 46. Rd1 g6 47. Qh4 Rd7 48. Rd6 Qc8 49. Qd4 Rxd6 50. exd6 Qd7 51. c5 bxc5 52. Qxc5 Bxf1 53. Kxf1 Kf8 54. Qc7 Ke8 55. Qb8+ Qd8 56. Qb5+ Qd7 57. Qe5 f6 58. Qxf6 Qxd6 59. Qh8+ Qf8 60. Qc3 Qe7 61. Ke2 Kf7 62. Ke3 e5 63. Qb3+ Kf6 64. Qc3 Qe6 65. h4 h5 66. Qb4 Qc8 67. Qd6+ Kf5 68. Qd5 Qc1+ 69. Kf2 Qc2+ 70. Kg1 Qc1+ 71. Kg2 Qc7 72. Kf2 Kf6 73. Qd3 Qb6+ 74. Kf1 a5 75. Qd2 Qb5+ 76. Kg2 Qc5 77. Qd8+ Kg7 78. Qd7+ Kf6 79. Qd3 Qb6 80. Kf1 a4 81. Ke2 Qb2+ 82. Ke3 Qc1+ 83. Ke2 Qb2+ 84. Ke3 Qb6+ 85. Ke2 Qe6 86. Qd8+ Kg7 87. Qc7+ Kf6 88. Qd8+ Kg7 89. Qc7+ Kf6 90. Qd8+ 1/2-1/2

[Event "Rudenko Memorial (Women)"]
[Site "Poltava"]
[Date "2010.08.03"]
[Round "1"]
[White "Malimonenko, Svetlana"]
[Black "Konovalova, Vera"]
[Result "1-0"]
[WhiteElo "1892"]
[BlackElo "2083"]
[PlyCount "103"]
[EventDate "2010.08.03"]
[EventType "tourn"]
[EventRounds "11"]
[EventCountry "UKR"]
[SourceTitle "CBM 137 Extra"]
[Source "ChessBase"]
[SourceDate "2010.09.01"]
[SourceVersion "1"]
[SourceVersionDate "2010.09.01"]
[SourceQuality "1"]

1. e4 g6 2. d4 Bg7 3. Nf3 d6 4. Bc4 e6 5. c3 h6 6. Qc2 Ne7 7. Nbd2 a6 8. a4 b6 9. 0-0 0-0 10. Re1 Bb7 11. Bd3 Nd7 12. Nf1 d5 13. Ng3 c5 14. exd5 Nxd5 15. Ne4 cxd4 16. Nxd4 N7f6 17. Nf3 Rc8 18. Qe2 Qc7 19. Nxf6+ Nxf6 20. Bxa6 Bxf3 21. Qxf3 Rcd8 22. Bf4 Qc5 23. Bb5 Nh5 24. Be3 Qc7 25. Rad1 Rxd1 26. Rxd1 Rd8 27. Rxd8+ Qxd8 28. h3 Nf6 29. Bd4 Nd5 30. Qe4 Bxd4 31. Qxd4 Qf6 32. Qd1 Nc7 33. Bc4 Qe5 34. Qd2 b5 35. axb5 Nxb5 36. Bxb5 Qxb5 37. b4 Kg7 38. Qd4+ e5 39. Qe3 Qd5 40. Qe2 e4 41. c4 Qd4 42. b5 Qa1+ 43. Qf1 Qd4 44. Qc1 Qc5 45. Qc3+ Kg8 46. Qb3 Qd4 47. b6 Qa1+ 48. Kh2 Qe5+ 49. g3 Qf5 50. Kg2 Qc8 51. b7 Qb8 52. c5 1-0